[Event "Fide Mercenarios-A"]
[Site "Mexico City"]
[Date "1999.??.??"]
[Round "10"]
[White "Baltazar Pineda, Rafael"]
[Black "Gongora Montes, Benjamin"]
[Result "1-0"]
[WhiteElo "2163"]
[BlackElo "2189"]
[PlyCount "71"]
[EventDate "1999.??.??"]
[EventType "tourn"]
[EventRounds "11"]
[EventCountry "MEX"]
[SourceTitle "EXT 2001"]
[Source "ChessBase"]
[SourceDate "2000.11.22"]
[SourceVersion "1"]
[SourceVersionDate "2000.11.22"]
[SourceQuality "1"]

1. d4 e6 2. Nf3 c5 3. e3 Nf6 4. Bd3 b6 5. Nbd2 Ba6 6. c4 cxd4 7. exd4 d5 8. 0-0 Bd6 9. b3 0-0 10. Bb2 Nbd7 11. Re1 Rc8 12. Rc1 Qe7 13. Rc2 Ba3 14. Ba1 Rfd8 15. Qe2 Nf8 16. Ne5 Ng6 17. Nxg6 hxg6 18. Nf3 Bb4 19. Rec1 Ba3 20. Rd1 Bb7 21. Ne5 Rc7 22. Qe3 Rdc8 23. Qh3 dxc4 24. Bxg6 fxg6 25. Nxg6 Qd6 26. d5 Bxd5 27. Be5 Bxg2 28. Qh8+ Kf7 29. Bxd6 Bxd6 30. Rxd6 Rxh8 31. Nxh8+ Ke7 32. Rd4 Be4 33. Rcxc4 Rxc4 34. Rxc4 Kd7 35. Nf7 b5 36. Rc5 1-0

[Event "Fide Mercenarios-A"]
[Site "Mexico City"]
[Date "1999.??.??"]
[Round "2"]
[White "Baltazar Pineda, Rafael"]
[Black "Gonzalez, Roberto"]
[Result "0-1"]
[WhiteElo "2163"]
[BlackElo "2210"]
[PlyCount "68"]
[EventDate "1999.??.??"]
[EventType "tourn"]
[EventRounds "11"]
[EventCountry "MEX"]
[SourceTitle "EXT 2001"]
[Source "ChessBase"]
[SourceDate "2000.11.22"]
[SourceVersion "1"]
[SourceVersionDate "2000.11.22"]
[SourceQuality "1"]

1. e4 g6 2. d4 c5 3. d5 Bg7 4. c4 d6 5. Nc3 Nf6 6. Bd3 e6 7. Nge2 exd5 8. cxd5 0-0 9. 0-0 a6 10. a4 Nbd7 11. Bf4 Qc7 12. h3 Re8 13. Rc1 Ne5 14. Bb1 Rb8 15. Bh2 b5 16. axb5 axb5 17. b4 Nc4 18. Nxb5 Rxb5 19. Rxc4 Rxb4 20. Rxb4 cxb4 21. Qa4 Qb6 22. Bd3 Bd7 23. Qc2 b3 24. Qb1 b2 25. Bf4 Qb4 26. Ng3 Nxd5 27. Bxd6 Qxd6 28. exd5 Qxd5 29. Rd1 Ba4 30. Bc2 Bxc2 31. Qxc2 Qe5 32. Nf1 Qf5 33. Qxf5 gxf5 34. Rb1 Rc8 0-1

[Event "Fide Mercenarios 39th"]
[Site "Mexico City"]
[Date "1999.??.??"]
[Round "5"]
[White "Baltazar Pineda, Rafael"]
[Black "Hernandez Guerrero, Yadira"]
[Result "1/2-1/2"]
[WhiteElo "2160"]
[BlackElo "2205"]
[PlyCount "197"]
[EventDate "1999.??.??"]
[EventType "tourn"]
[EventRounds "11"]
[EventCountry "MEX"]
[SourceTitle "EXT 2000"]
[Source "ChessBase"]
[SourceDate "1999.11.16"]
[SourceVersion "1"]
[SourceVersionDate "1999.11.16"]
[SourceQuality "1"]

1. d4 d6 2. Nf3 f5 3. e3 Nf6 4. b3 g6 5. Bb2 Bg7 6. Bc4 e6 7. Nbd2 0-0 8. b4 Nc6 9. a3 a5 10. b5 Ne7 11. 0-0 Ned5 12. Re1 Ne4 13. Nxe4 fxe4 14. Nd2 Nb6 15. Bb3 a4 16. Ba2 d5 17. c4 Kh8 18. c5 Nd7 19. f3 exf3 20. Nxf3 Nxc5 21. Rc1 Ne4 22. Bb1 Bd7 23. Bxe4 dxe4 24. Nd2 Bxb5 25. Qg4 Bd3 26. Qxe6 Ra5 27. Bc3 Raf5 28. Bb4 Re8 29. Qa2 Qh4 30. Nf1 c6 31. Ng3 Rd5 32. Qd2 h5 33. Ne2 g5 34. Rf1 Qg4 35. Rf2 Bxe2 36. h3 Qh4 37. Qxe2 g4 38. Be1 Qg5 39. h4 Qe7 40. Ra1 Kh7 41. Rf1 b5 42. Rc1 Rc8 43. Qc2 Bh6 44. Qf2 Rf8 45. Qg3 Rxf1+ 46. Kxf1 Rf5+ 47. Kg1 Qxa3 48. Rc3 Qf8 49. Rxc6 a3 50. Ra6 b4 51. Qc7+ Rf7 52. Qc6 Bxe3+ 53. Kh2 Bf4+ 54. g3 Bd6 55. Qxe4+ Kg7 56. Ra5 Qe7 57. Rg5+ Kh8 58. Rxh5+ Rh7 59. Rxh7+ Qxh7 60. Qe8+ Qg8 61. Qh5+ Kg7 62. Qxg4+ Kf8 63. Qc8+ Kf7 64. Qd7+ Be7 65. Bxb4 Qe8 66. Qa7 Kf6 67. Bd2 Bd6 68. Bg5+ Kf5 69. Kh3 Ke4 70. Qh7+ Kxd4 71. Bf6+ Kc4 72. Qc2+ Kb5 73. Qd3+ Kc6 74. Qc4+ Kb6 75. Bd4+ Kb7 76. Qd5+ Kc7 77. Bb6+ Kxb6 78. Qxd6+ Qc6 79. Qxa3 Qh1+ 80. Kg4 Qe4+ 81. Kg5 Qe5+ 82. Kg6 Qe6+ 83. Kg7 Qg4+ 84. Kf8 Qf5+ 85. Ke8 Qc8+ 86. Ke7 Qc7+ 87. Ke6 Qc8+ 88. Ke5 Qh8+ 89. Ke4 Qh7+ 90. Kf3 Qf5+ 91. Kg2 Qc2+ 92. Kh3 Qf5+ 93. g4 Qf1+ 94. Kg3 Qg1+ 95. Kf4 Qd4+ 96. Kf5 Qd5+ 97. Kf6 Qd4+ 98. Kg6 Qxg4+ 99. Kh6 1/2-1/2

[Event "Fide Mercenarios 39th"]
[Site "Mexico City"]
[Date "1999.??.??"]
[Round "7"]
[White "Baltazar Pineda, Rafael"]
[Black "Tey Carrera, Joaquin"]
[Result "1-0"]
[WhiteElo "2160"]
[BlackElo "2085"]
[PlyCount "65"]
[EventDate "1999.??.??"]
[EventType "tourn"]
[EventRounds "11"]
[EventCountry "MEX"]
[SourceTitle "EXT 2000"]
[Source "ChessBase"]
[SourceDate "1999.11.16"]
[SourceVersion "1"]
[SourceVersionDate "1999.11.16"]
[SourceQuality "1"]

1. d4 Nf6 2. Nf3 d5 3. e3 e6 4. Bd3 c5 5. b3 Nc6 6. a3 Bd7 7. 0-0 a5 8. Nc3 Be7 9. Bb2 a4 10. Nxa4 c4 11. Be2 Rxa4 12. bxa4 Na5 13. Nd2 Bxa4 14. Bc3 b5 15. f3 Nc6 16. Nb1 0-0 17. f4 Qc7 18. Bf3 Bd6 19. Qd2 Qe7 20. Bb2 Ra8 21. Nc3 Ra6 22. Rfb1 Qa7 23. g4 Bxf4 24. Nxa4 e5 25. exf4 exd4 26. Kg2 Rxa4 27. Qe2 c3 28. Bc1 g5 29. Qxb5 d3 30. cxd3 c2 31. Qxc6 cxb1Q 32. Rxb1 Ne4 33. dxe4 1-0

[Event "Fide Mercenarios 39th"]
[Site "Mexico City"]
[Date "1999.??.??"]
[Round "1"]
[White "Halfon, Enrique"]
[Black "Baltazar Pineda, Rafael"]
[Result "0-1"]
[WhiteElo "2145"]
[BlackElo "2163"]
[PlyCount "60"]
[EventDate "1999.??.??"]
[EventType "tourn"]
[EventRounds "11"]
[EventCountry "MEX"]
[SourceTitle "EXT 2000"]
[Source "ChessBase"]
[SourceDate "1999.11.16"]
[SourceVersion "1"]
[SourceVersionDate "1999.11.16"]
[SourceQuality "1"]

1. f4 g6 2. c4 Bg7 3. Nc3 c5 4. Nf3 Nc6 5. g3 a6 6. Bg2 Rb8 7. a4 d6 8. 0-0 e6 9. d3 Nge7 10. e4 0-0 11. Be3 Nd4 12. Rb1 Nec6 13. Ne2 e5 14. Nc3 Bg4 15. Nd5 b5 16. h3 Nxf3+ 17. Bxf3 Bxh3 18. Rf2 exf4 19. Nxf4 Bd7 20. Rh2 Ne5 21. axb5 axb5 22. Be2 bxc4 23. dxc4 Bc6 24. Nd5 Bxd5 25. Qxd5 Rb3 26. Bf2 Qb6 27. Qd2 Rb8 28. Kg2 Qc6 29. Rhh1 Qxe4+ 30. Kg1 Rxb2 0-1

[Event "Fide Mercenarios 39th"]
[Site "Mexico City"]
[Date "1999.??.??"]
[Round "6"]
[White "Lopez Michelone, Manuel"]
[Black "Baltazar Pineda, Rafael"]
[Result "1/2-1/2"]
[WhiteElo "2150"]
[BlackElo "2160"]
[PlyCount "47"]
[EventDate "1999.??.??"]
[EventType "tourn"]
[EventRounds "11"]
[EventCountry "MEX"]
[SourceTitle "EXT 2000"]
[Source "ChessBase"]
[SourceDate "1999.11.16"]
[SourceVersion "1"]
[SourceVersionDate "1999.11.16"]
[SourceQuality "1"]

1. e4 c5 2. Nc3 d6 3. g3 Nc6 4. Bg2 g6 5. d3 Bg7 6. f4 e6 7. Nf3 Nge7 8. 0-0 Rb8 9. Be3 b5 10. Rb1 b4 11. Ne2 0-0 12. d4 cxd4 13. Nfxd4 Ba6 14. Re1 Qc7 15. Nxc6 Nxc6 16. Qd2 Rfd8 17. Rec1 d5 18. exd5 exd5 19. Nd4 Na5 20. b3 Qc3 21. Qxc3 bxc3 22. Rd1 Rbc8 23. Kf2 Rc7 24. Bf1 1/2-1/2

[Event "Fide Mercenarios-A"]
[Site "Mexico City"]
[Date "1999.??.??"]
[Round "7"]
[White "Lopez Michelone, Manuel"]
[Black "Baltazar Pineda, Rafael"]
[Result "0-1"]
[WhiteElo "2150"]
[BlackElo "2163"]
[PlyCount "82"]
[EventDate "1999.??.??"]
[EventType "tourn"]
[EventRounds "11"]
[EventCountry "MEX"]
[SourceTitle "EXT 2001"]
[Source "ChessBase"]
[SourceDate "2000.11.22"]
[SourceVersion "1"]
[SourceVersionDate "2000.11.22"]
[SourceQuality "1"]

1. e4 e5 2. Nf3 Nc6 3. Bb5 a6 4. Bxc6 dxc6 5. d4 exd4 6. Qxd4 Qxd4 7. Nxd4 Nf6 8. f3 c5 9. Nb3 Be6 10. Nc3 0-0-0 11. Be3 b6 12. Rd1 Be7 13. 0-0 a5 14. Rxd8+ Rxd8 15. Rd1 Rxd1+ 16. Nxd1 Nd7 17. Nc3 Bf6 18. a3 Bxc3 19. bxc3 Ne5 20. Nd2 Kb7 21. h3 Bd7 22. f4 Ng6 23. c4 f5 24. e5 Nf8 25. Kf2 Ne6 26. g4 g6 27. Kg3 Ng7 28. g5 a4 29. Kf2 Ne6 30. Ke2 c6 31. Nb1 b5 32. Nc3 Ka6 33. cxb5+ cxb5 34. Kd1 Bc6 35. Kc1 b4 36. Nb1 Kb5 37. Kb2 Bd5 38. Nd2 Nd8 39. c4+ Bxc4 40. h4 Bd5 41. Nb1 Nc6 0-1

[Event "Fide Mercenarios-A"]
[Site "Mexico City"]
[Date "1999.??.??"]
[Round "11"]
[White "Martin Del Campo C, Jorge Arturo"]
[Black "Baltazar Pineda, Rafael"]
[Result "1-0"]
[WhiteElo "2281"]
[BlackElo "2163"]
[PlyCount "31"]
[EventDate "1999.??.??"]
[EventType "tourn"]
[EventRounds "11"]
[EventCountry "MEX"]
[SourceTitle "EXT 2001"]
[Source "ChessBase"]
[SourceDate "2000.11.22"]
[SourceVersion "1"]
[SourceVersionDate "2000.11.22"]
[SourceQuality "1"]

1. d4 Nf6 2. c4 e5 3. dxe5 Ng4 4. Bf4 Nc6 5. Nf3 Bc5 6. e3 Qe7 7. a3 Ngxe5 8. Nc3 Nxf3+ 9. Qxf3 d6 10. Nd5 Qd8 11. Qg3 Kf8 12. b4 Bb6 13. Rd1 Qe8 14. c5 dxc5 15. Bxc7 Be6 16. Bd6+ 1-0

[Event "Fide Mercenarios 8th"]
[Site "Mexico City"]
[Date "1995.??.??"]
[Round "4"]
[White "Baltazar Pineda, Rafael"]
[Black "Pastrana Rodriguez, Cesar"]
[Result "1-0"]
[WhiteElo "2075"]
[BlackElo "2140"]
[PlyCount "93"]
[EventDate "1995.??.??"]
[EventType "tourn"]
[EventRounds "11"]
[EventCountry "MEX"]
[SourceTitle "EXT 2000"]
[Source "ChessBase"]
[SourceDate "1999.11.16"]
[SourceVersion "1"]
[SourceVersionDate "1999.11.16"]
[SourceQuality "1"]

1. e4 e6 2. d3 d5 3. Nd2 f5 4. e5 g6 5. f4 c5 6. Ngf3 Nc6 7. c3 b6 8. d4 Kf7 9. h4 h5 10. Bb5 Nge7 11. Ng5+ Kg7 12. Ndf3 a6 13. Qa4 Na5 14. Be2 Bd7 15. Qd1 Ng8 16. Rb1 Nc6 17. a3 Nh6 18. b4 c4 19. Bd2 Qc7 20. Qc2 Nd8 21. a4 Ndf7 22. 0-0 Nxg5 23. fxg5 Ng4 24. Ne1 Be7 25. g3 Qd8 26. Ng2 Qe8 27. Ra1 Bd8 28. Nf4 Bc7 29. Kg2 Bc6 30. b5 axb5 31. axb5 Bb7 32. Rxa8 Bxa8 33. Ra1 Kf7 34. Bxg4 hxg4 35. Ra7 Qc8 36. Qa4 Bb7 37. Qb4 Bb8 38. Ra1 Qd7 39. Kf2 Bc7 40. Rh1 Bd8 41. h5 Be7 42. hxg6+ Kg7 43. Qb1 Bxg5 44. Rxh8 Kxh8 45. Qh1+ Kg8 46. Nh5 Qe7 47. Bxg5 1-0

[Event "Fide Mercenarios 8th"]
[Site "Mexico City"]
[Date "1995.??.??"]
[Round "5"]
[White "Franco, David"]
[Black "Baltazar Pineda, Rafael"]
[Result "1/2-1/2"]
[WhiteElo "2000"]
[BlackElo "2075"]
[PlyCount "100"]
[EventDate "1995.??.??"]
[EventType "tourn"]
[EventRounds "11"]
[EventCountry "MEX"]
[SourceTitle "EXT 2000"]
[Source "ChessBase"]
[SourceDate "1999.11.16"]
[SourceVersion "1"]
[SourceVersionDate "1999.11.16"]
[SourceQuality "1"]

1. e4 c5 2. Nf3 d6 3. d4 cxd4 4. c3 d3 5. Qxd3 Nc6 6. Be3 e5 7. Nbd2 Be6 8. Be2 Be7 9. 0-0 Nf6 10. Ng5 0-0 11. f4 Bg4 12. f5 Bxe2 13. Qxe2 h6 14. h4 d5 15. Rad1 Qc7 16. g4 d4 17. cxd4 Nxd4 18. Qg2 Nc2 19. Rc1 Nxe3 20. Rxc7 Nxg2 21. Rxe7 Nxh4 22. Ngf3 Nxf3+ 23. Rxf3 Nxg4 24. Rxb7 Rfd8 25. Nf1 Rd1 26. Rc3 Rad8 27. Rxa7 Rb1 28. b3 h5 29. Rac7 Rdd1 30. Rf3 Re1 31. Kg2 Re2+ 32. Kh3 Rbb2 33. Kh4 Nh2 34. Nxh2 Rxh2+ 35. Rh3 Rxh3+ 36. Kxh3 Rxa2 37. Rc3 Re2 38. Rc4 Re3+ 39. Kh4 Rxb3 40. Kxh5 Rg3 41. Rc5 f6 42. Rc7 Kh7 43. Ra7 Rg1 44. Ra8 Rg5+ 45. Kh4 Rg1 46. Kh5 Re1 47. Ra7 Rh1+ 48. Kg4 Kh6 49. Ra8 Rg1+ 50. Kf3 Kg5 1/2-1/2

[Event "Fide Mercenarios 8th"]
[Site "Mexico City"]
[Date "1995.??.??"]
[Round "11"]
[White "Recillas, Miguel Angel"]
[Black "Baltazar Pineda, Rafael"]
[Result "1/2-1/2"]
[WhiteElo "2000"]
[BlackElo "2085"]
[PlyCount "20"]
[EventDate "1995.??.??"]
[EventType "tourn"]
[EventRounds "11"]
[EventCountry "MEX"]
[SourceTitle "EXT 2000"]
[Source "ChessBase"]
[SourceDate "1999.11.16"]
[SourceVersion "1"]
[SourceVersionDate "1999.11.16"]
[SourceQuality "1"]

1. e4 e5 2. Nf3 Nc6 3. Bb5 a6 4. Ba4 Nf6 5. 0-0 b5 6. Bb3 Be7 7. Re1 d6 8. c3 0-0 9. Bc2 Re8 10. Qe2 Bb7 1/2-1/2